000 00584nam a2200229Ia 4500
003 OSt
005 20220924134555.0
006 a|||||r|||| 00| 0
007 ta
008 220923b |||||||| |||| 00| 0 per d
024 _a279341
037 _cTextual
040 _aARTS
_cARTS
_bper
041 _2per
_aper
082 _aO164,1H15w, 168F3
100 _aShibli Numani
_976486
245 0 _aHayat e hafiz
260 _c1923
650 _aPERSIAN LITERATURE
_9309
942 _hO164,1H15w, 168F3
_cTEXL
_2CC
999 _c437869
_d437869